Vektoren, Tensoren, Spinoren : eine Einführung in den Tensorkalkül unter Berücksichtigung der physokalischen Anwendung /

Guardado en:
Autor Principal: Kästner, Siegfried.
Formato: Libro
Idioma:German
Publicado: Berlin : Akademie-Verlag, 1964.
Edición:2., verb. Aufl.
Etiquetas: Agregar Etiqueta
Sin Etiquetas, Sea el primero en etiquetar este registro!
LEADER 00571nam a22001575a 4500
001 MAT.inmabb001453
008 031124s1964####gw############000#0#ger#d
005 20170816123717.0
245 1 0 |a Vektoren, Tensoren, Spinoren :  |b eine Einführung in den Tensorkalkül unter Berücksichtigung der physokalischen Anwendung /  |c Siegfried Kästner. 
250 |a 2., verb. Aufl. 
260 |a Berlin :  |b Akademie-Verlag,  |c 1964. 
300 |a xii, 316 p. ;  |c 25 cm. 
510 4 |a MR,  |c 25 #1511 
100 1 |a Kästner, Siegfried. 
084 |a 53.00 (53.35)  |2 MR 
859 |h 53  |i K19-2  |p A-1754  |b BIB. MATEMATICA